d4vd Charting Songs (Billboard Hot Rock) - Statistics

General Stats
  • This quiz has been taken 162 times
    15 since last reset
  • The average score is 8 of 14
Answer Stats
Album Weeks On Peak Artist(s) Song % Correct
Petals to Thorns 39 Weeks #4 d4vd Romantic Homicide
100%
Invincible (Season 2 Soundtrack) 23 Weeks #11 d4vd Feel It
86%
Petals to Thorns 32 Weeks #7 d4vd Here With Me
86%
Withered 6 Weeks #16 d4vd & Kali Uchis Crashing
71%
Arcane League of Legends: Season 2 7 Weeks #26 d4vd Remember Me
64%
Arcane League of Legends: Season 2 1 Week #36 d4vd Remember Me (Intro)
64%
Withered 2 Weeks #31 d4vd What Are You Waiting For
64%
Petals to Thorns 3 Weeks #40 d4vd Sleep Well
57%
Withered 1 Week #30 d4vd One More Dance
50%
Petals to Thorns 2 Weeks #28 d4vd WORTHLESS
50%
Non-Album Single 1 Week #49 d4vd ft. Hyunjin Always Love
43%
Withered 1 Week #41 d4vd Is This Really Love?
36%
Non-Album Single 1 Week #42 d4vd My House Is Not a Home
36%
Withered 1 Week #50 d4vd Where'd It Go Wrong?
29%
No matching quizzes found
Score Distribution
Percent of People with Each Score
Percentile by Number Answered
Your Score History
You have not taken this quiz since the last reset